000 00933nam a2200289 i 4500
001 bg
100 1 _aTIWANA, Amrit
245 1 0 _aPrzewodnik po zarządzaniu wiedzą :
_be-biznes i zastosowania CRM /
_cAmrit Tiwana ; [przekł. Grzegorz Dąbkowski].
260 _aWarszawa :
_b"Placet",
_c2003.
300 _a383 s. ;
_c21 cm.
490 1 _aMarketing Nowego Wieku
504 _aBibliogr.
650 9 _aZarządzanie wiedzą
650 9 _aPrzedsiębiorstwo
_xorganizacja
_xmetody
650 9 _aHandel elektroniczny
650 9 _aInternet
_xstosowanie
_xgospodarka
700 1 _aDĄBKOWSKI, Grzegorz.
_eTł.
830 _aMarketing Nowego Wieku
020 _a8385428836
040 _cBPK
041 1 _apol
_heng
080 _a658.1/.5.012:004.738.5
920 _a83-85428-83-6
942 _cKS
008 s pl f |000 0 pol
999 _c44535
_d44535
856 _uhttp://koha.tu.koszalin.pl/cgi-bin/koha/opac-detail.pl?biblionumber=44535
_yKatalog online BPK